000 00590nam a2200193Ia 4500
005 20250423101119.0
008 250422s9999 xx 000 0 und d
020 _a9780803628182
050 _aRT 55 .N84/
100 _aNugent, Patricia M.
245 0 _aTest success: test-taking techniques for beginning nursing students
250 _a6th ed.
260 _aPhiladelphia
260 _bF. A. Davis Company
260 _c2012
300 _a377 p
650 _aNursing--Examinations, questions, etc. Practical nursing--Examinations, questions, etc. Test-taking skills.
942 _cBK
999 _c35328
_d35328